000 01083cad a22002655a 4500
001 L156297
008 120511s2012 xxk f 000 0 eng d
035 _a(Sirsi) u156297
041 0 _aeng
110 2 _aJones Lang LaSalle
_93755
245 0 0 _aHigh-end residential prices largely flat across Asia
_h[electronic resource]
260 _aIndia
_bJones Lang LaSalle
_c2012
490 0 _aThe Residential Index
_vMay 2012
520 _aThe luxury residential markets in Hong Kong, Beijing, Shanghai, Bangkok, Kuala Lumpur, Jakarta and Mumbai remain flat. Capital values increased slightly in Hong Kong, Bankok, Kuala Lumpur, Jakarta and Mumbai in 1 Qr 2012 whilst Beijing, Shanghai and Singapore fell.
590 _aKA
651 4 _aChina
651 4 _aThailand
651 4 _aSingapore
651 4 _aMalaysia
_y1965-
651 4 _aIndonesia
651 4 _aIndia
690 _aResidential property
_96266
856 4 0 _uhttps://www.joneslanglasalle.co.in/ResearchLevel1/TheResidentialIndex-May2012.pdf
_zhttp://www.savills.co.uk/research/european-research.aspx
942 _n0
999 _c114163
_d114163